00537nam a2200169Ia 4500008004100000040001900041041001200060082003400072100002500106245004600131260003600177300004300213504005000256650002100306651003000327850001000357131103s9999 xx 000 0 und d aLoreto College aEnglish a940.1/940.12/BARbLCLIB/16193 aBarraclough,Geoffrey 4aThe medieval papacycGeoffrey Barraclough aLondonbThames and Hudsonc1968 a216 p.b 100 ill. (some col.)c 21 cm. aIncludes bibliographical references and index aMedieval History aEurope - Medieval History aLCLIB